Wii Games - Sudden Death - Statistics

General Stats
  • This quiz has been taken 263 times
  • The average score is 5 of 8
Answers on the Grid
Answers color-coded by a green-red scale on the quiz's grid according to % correct below.
Wii Fit Plus
Wii Checkers
Wii Sports Resort
Wii Play
Wii Fun
Wii Wuhu Island
Wii Fit: Motion
Wii Sports
Wii Fit
Wii Chess
Wii Play Plus
Wii Sing
Wii Play: Motion
Wii Sports Advance
Wii Party
Wii Backgammon
 
Answer Stats
Answer % Correct
Wii Fit Plus
81%
Wii Sports
74%
Wii Sports Resort
73%
Wii Fit
69%
Wii Play
61%
Wii Party
58%
Wii Play: Motion
28%
Wii Chess
21%
No matching quizzes found
Score Distribution
Percent of People with Each Score
Percentile by Number Answered
Your Score History
You have not taken this quiz